000 00764nam a22002537a 4500
003 UA-OsUOA
001 130413
007 ta
008 20180423b un ||||| |||| 00| 0 ukr d
100 _aГотун І. А.
700 _aКазимір О. М.
700 _aГунь М. О.
700 _aСухонос А. М.
090 _a902
_bГ-67
942 _cSA
040 _aUA-OsUOA
_bukr
_cUA-OsUOA
_dUA-OsUOA
245 _aСередньовічне христичнське паломництво і дві знахідки з Ходосівки
300 _aС.68-91
955 _a0
041 _aukr
080 _a902
773 0 _w130408
_tАрхеологія
_dК.
_d2018
_g1
650 7 _a9 Географія. Біографії. Історія
_2UDC
999 _c418443
_d418443